|
|
|
|
| LEADER |
00700ntm a2200169 i 4500 |
| 001 |
misc47689 |
| 005 |
20241128150625.0 |
| 008 |
210114s1937 hu o 000 hun d |
| 040 |
|
|
|a SZTE Miscellanea Repozitórium
|b hun
|
| 041 |
|
|
|a hun
|
| 245 |
0 |
2 |
|a A Brazíliai Magyarok Egyesületének gratuláló levele Szent-Györgyi Alberthez. Kresch Miklós titkár aláírásával
|h [elektronikus dokumentum]
|
| 260 |
|
|
|c 1937-12-15
|
| 300 |
|
|
|a 1 fol.
|
| 561 |
|
|
|a Szent-Györgyi Albert gratuláló levelek
|
| 695 |
|
|
|a Levelezés - Brazíliai Magyarok Egyesülete - Szent-Györgyi Albert, Nobel-díj - 1937
|
| 700 |
0 |
1 |
|a Kresch Miklós
|
| 856 |
4 |
0 |
|u http://misc.bibl.u-szeged.hu/47689/1/1937_4_036.pdf
|z Dokumentum-elérés
|